00886nam a2200193 a 450000100100000000500170001000800410002702000180006804000250008610000440011124501480015526000360030330000210033950000630036070000360042395201050045995201110056499900170067500004430020201002045258.0140613s2008 dr 000 0 spa d a9789945857238 aDO-SdBNPbspacBNPHU1 aGómez ramírez, José Miguel96195510aGenuinamente autentico :bBiografía de don Francisco Gómez Estrella /cJosé Miguel Gómez ramírez ; prólogo Nora Gómez González. aSanto Domingo :bLozano,c2008. a417 p. ;c22 cm. aIncluye datos biográficos del autor en la contracubierta12aGómez González, Nora972306 0010718PDaPDbPDcCTd2014-06-13iLF1l0o p44300-10r2020-06-25w2020-06-25yLFPDZNo se presta 0010718PDaPDbPDcCTd2014-06-13iLF1l0o p44300-20r2020-06-25te. 2w2020-06-25yLFPDZNo se presta c43789d43789